000 00469nam a2200181Ia 4500
005 20250508161616.0
008 008 250505s9999 xx 000 0 eng d
037 _aTextual
040 _aFEDL
_beng
_cFEDL
041 _aeng
_2eng
084 _aF, TOM
_qFEDL
100 _aTompkins Jane
245 0 _aBeaver Twins
260 _aLondon, UK
_bFrederick Warne and Co Ltd
_c1944
300 _avii,111p
942 _cTEXL
_hF, TOM
999 _c1371101
_d1371101